[Event "FIDE Women World Blitz 2021"]
[Site "Warsaw"]
[Date "2021.12.29"]
[Round "5.5"]
[White "Kamalidenova, Meruert"]
[Black "Koneru, Humpy"]
[Result "0-1"]
[WhiteElo "2339"]
[BlackElo "2586"]
[Annotator "ChessBase"]
[PlyCount "64"]
[EventDate "2021.12.29"]
[EventType "swiss"]
[EventCountry "POL"]
[Tiebreak "Cut1 Buchholz"]
[SourceTitle "playchess.com"]
[Source "ChessBase"]
[SourceQuality "1"]
[TimeControl "180+2"]

1. e4 {[%emt 0:00:02]} e5 {[%emt 0:00:01]} 2. Nf3 {[%emt 0:00:01]} Nc6 {
[%emt 0:00:02]} 3. Bb5 {[%emt 0:00:01]} a6 {[%emt 0:00:01]} 4. Ba4 {[%emt 0:00:
02]} Bc5 {[%emt 0:00:02]} 5. O-O {[%emt 0:00:12]} d6 {[%emt 0:00:04]} 6. c3 {
[%emt 0:00:11]} Bd7 {[%emt 0:00:33]} 7. d4 {[%emt 0:00:12]} Ba7 {[%emt 0:00:01]
} 8. h3 {[%emt 0:00:14]} Nge7 {[%emt 0:00:07]} 9. Re1 {[%emt 0:00:10]} O-O {
[%emt 0:00:03]} 10. Be3 {[%emt 0:00:13]} f6 {[%emt 0:00:01]} 11. Nbd2 {[%emt 0:
00:10]} Kh8 {[%emt 0:00:05]} 12. Nf1 {[%emt 0:00:08]} Qe8 {[%emt 0:00:21]} 13.
Bc2 {[%emt 0:00:11]} Nd8 {[%emt 0:00:09]} 14. Ng3 {[%emt 0:00:05]} Ne6 {
[%emt 0:00:10]} 15. Qd2 {[%emt 0:00:08]} Ng6 {[%emt 0:00:18]} 16. Ne2 {[%emt 0:
00:32]} Rd8 {[%emt 0:00:18]} 17. Rad1 {[%emt 0:00:04]} Bc8 {[%emt 0:00:16]} 18.
h4 {[%emt 0:00:25]} c6 {[%emt 0:00:25]} 19. h5 {[%emt 0:00:09]} Ne7 {[%emt 0:
00:01]} 20. Ng3 {[%emt 0:00:03]} Ng8 {[%emt 0:00:20]} 21. Qe2 {[%emt 0:00:14]}
Nf4 {[%emt 0:00:03]} 22. Bxf4 {[%emt 0:00:04]} exf4 {[%emt 0:00:00]} 23. Nf5 {
[%emt 0:00:02]} Qxh5 {[%emt 0:00:04]} 24. Qd2 {[%emt 0:00:01]} g6 {[%emt 0:00:
06]} 25. N5h4 {[%emt 0:00:05]} Bg4 {[%emt 0:00:07]} 26. Bd3 {[%emt 0:00:08]}
Bb8 {[%emt 0:00:05]} 27. Be2 {[%emt 0:00:02]} d5 {[%emt 0:00:02]} 28. e5 {
[%emt 0:00:03]} Rde8 {[%emt 0:00:04]} 29. exf6 {[%emt 0:00:05]} g5 {[%emt 0:00:
04]} 30. Ne5 {[%emt 0:00:05]} Bxe5 {[%emt 0:00:02]} 31. Bxg4 Qxg4 {[%emt 0:00:
01]} 32. dxe5 gxh4 {[%emt 0:00:03]} 0-1

[Event "FIDE Women World Blitz 2021"]
[Site "Warsaw"]
[Date "2021.12.29"]
[Round "5.5"]
[White "Kazarian, Anna-Maja"]
[Black "Paramzina, Anastasya"]
[Result "0-1"]
[WhiteElo "2138"]
[BlackElo "2260"]
[Annotator "TA"]
[PlyCount "94"]
[EventDate "2021.12.29"]
[EventType "swiss"]
[EventCountry "POL"]
[Tiebreak "Cut1 Buchholz"]
[SourceTitle "playchess.com"]
[Source "ChessBase"]
[SourceQuality "1"]

{[%evp 13,94,27,15,4,4,4,0,0,0,0,10,25,63,71,93,37,25,0,1,0,90,64,144,16,86,59,
50,-162,-23,-19,0,7,47,27,70,-108,-110,-110,-117,-112,-90,-154,-156,-134,-147,
-252,-236,-231,-225,-408,-271,-502,-490,-395,-440,-569,-564,-717,-679,-687,
-670,-742,-710,-764,-666,-1168,-1146,-1039,-658,-987,-652,-12835,-12837,-12838,
-12838,-12841,-9898,-12845,-12845,-29984,-29985,-29985,-3309]} 1. e4 c5 2. Nf3
d6 3. d4 cxd4 4. Nxd4 Nf6 5. Nc3 a6 6. Be3 e5 7. Nb3 Be7 8. Qd2 {B90: Sicilian
Najdorf: Unusual White 6th moves, 6 Be3 Ng4 and 6 Be3 e5.} Ng4 9. g3 Nxe3 10.
Qxe3 {The position is equal.} Be6 11. O-O-O Nd7 12. f4 Rc8 13. Kb1 O-O {[#]}
14. h4 $146 (14. f5 $1 $16 {[%cal Rf5e6]} Bxb3 15. axb3) ({Predecessor:} 14. f5
Bc4 15. Bxc4 Rxc4 16. Nd5 Nf6 17. Nxf6+ Bxf6 18. Qd3 Qc7 19. h4 Rc8 20. c3 {
1-0 (27) Kuznetsov,F (2352)-Sorvari,J (2034) Turku 2019}) 14... Qb6 $14 15. Qf3
{Black should prevent f5.} Nf6 $1 16. f5 Bxb3 (16... Bd7 $11 {remains equal.})
17. axb3 {Black must now prevent g4.} h5 {Prevents g4.} (17... Rxc3 $14 18.
bxc3 Rc8) 18. Be2 (18. Nd5 $16 Nxd5 19. Rxd5) 18... Qc7 (18... Rxc3 $1 $11 19.
bxc3 d5) 19. g4 hxg4 20. Qg3 {[#]} (20. Qg2 $14 {stays ahead.}) 20... d5 (20...
Nxe4 $1 $19 {[%mdl 512]} 21. Qe3 Nxc3+ 22. Qxc3 Qxc3 23. bxc3 Rxc3 24. Bxg4 Rg3
) 21. exd5 $11 Bb4 {[%cal Of6e4]} 22. d6 $1 Bxd6 23. Bxg4 {Threatens to win
with h5.} (23. h5 {seems wilder.} Ne4 24. Nxe4 Qxc2+ 25. Ka1 Qxe4 26. h6) 23...
Bb4 (23... Rfd8 $11) 24. Rd3 $2 {[#]} (24. Bf3 $1 $14 {keeps the upper hand.}
Bxc3 25. Rhg1) 24... e4 $1 $36 {[%mdl 2048] White is under strong pressure.
Black continues to play with concentration.} 25. Qxc7 Rxc7 26. Rg3 Rfc8 {
[%cal Rb4c3]} 27. Rhg1 (27. Na2 $142 Ba5 28. b4) 27... Bxc3 28. bxc3 Rxc3 29.
Be2 (29. Rxc3 $17 {was necessary.} Rxc3 30. Kb2) 29... Rxg3 $19 ({And not} 
29... Rxc2 30. Bc4 R2xc4 31. Rxg7+ Kf8 32. bxc4 $11) 30. Rxg3 {[%mdl 4096]
Endgame KRB-KRN} Rc5 31. h5 $2 (31. Kc1) 31... Kh7 32. Rg5 $2 (32. Bc4 Rc7 33.
Kc1) 32... Kh6 33. Rg1 Rxf5 34. Bc4 Nxh5 35. Rg4 Rf4 36. Rg1 f5 37. Kb2 g5 38.
Bf7 Rh4 39. Kc3 g4 40. Kd4 g3 41. Ke5 Kg5 {Strongly threatening ...f4.} 42. Rf1
Nf4 43. Rd1 g2 44. Rd8 Rg4 45. Rg8+ Kh4 {( -> ...Rxg8)} 46. Rh8+ Kg3 47. Kxf5
g1=Q {Weighted Error Value: White=0.75/Black=0.27 (precise)} (47... e3 $142 48.
Ke5 e2 49. b4 g1=Q 50. Kd6 Qb6+ 51. Kd7 {[#]} Nd5 $1 {[%mdl 512]} 52. Bxd5 Rg7+
53. Ke8 e1=Q+ 54. Be6 Qexe6+ 55. Kf8 Qf7#) 0-1

[Event "FIDE Women World Blitz 2021"]
[Site "Warsaw"]
[Date "2021.12.29"]
[Round "5.6"]
[White "Muzychuk, Anna"]
[Black "Buksa, Nataliya"]
[Result "1/2-1/2"]
[WhiteElo "2533"]
[BlackElo "2199"]
[Annotator "ChessBase"]
[PlyCount "68"]
[EventDate "2021.12.29"]
[EventType "swiss"]
[EventCountry "POL"]
[Tiebreak "Cut1 Buchholz"]
[SourceTitle "playchess.com"]
[Source "ChessBase"]
[SourceQuality "1"]
[TimeControl "180+2"]

1. e4 {[%emt 0:00:01]} c5 {[%emt 0:00:00]} 2. Nf3 {[%emt 0:00:01]} Nc6 {
[%emt 0:00:01]} 3. Bb5 {[%emt 0:00:04]} g6 {[%emt 0:00:01]} 4. O-O {[%emt 0:00:
06]} Bg7 {[%emt 0:00:01]} 5. c3 {[%emt 0:00:02]} Nf6 {[%emt 0:00:02]} 6. Re1 {
[%emt 0:00:03]} O-O {[%emt 0:00:02]} 7. h3 {[%emt 0:00:03]} Qb6 {[%emt 0:00:18]
} 8. a4 {[%emt 0:00:03]} a6 {[%emt 0:00:02]} 9. Bxc6 {[%emt 0:00:09]} Qxc6 {
[%emt 0:00:01]} 10. d4 {[%emt 0:00:30]} d5 {[%emt 0:00:01]} 11. exd5 {[%emt 0:
00:16]} Nxd5 {[%emt 0:00:04]} 12. c4 {[%emt 0:00:05]} Nb4 {[%emt 0:00:02]} 13.
d5 {[%emt 0:00:04]} Qc7 {[%emt 0:00:04]} 14. Nc3 {[%emt 0:00:16]} Bf5 {[%emt 0:
00:02]} 15. Nh4 {[%emt 0:00:02]} Bd3 {[%emt 0:00:12]} 16. Bg5 {[%emt 0:00:09]}
Rfe8 {[%emt 0:00:09]} 17. Qd2 {[%emt 0:00:17]} Bxc4 {[%emt 0:00:06]} 18. Re4 {
[%emt 0:00:01]} Bd3 {[%emt 0:00:20]} 19. Rxe7 {[%emt 0:00:09]} Rxe7 {[%emt 0:
00:03]} 20. Bxe7 {[%emt 0:00:03]} Qxe7 {[%emt 0:00:04]} 21. Nf3 {[%emt 0:00:00]
} Rd8 {[%emt 0:00:09]} 22. Re1 {[%emt 0:00:01]} Qc7 {[%emt 0:00:05]} 23. Qg5 {
[%emt 0:00:30]} h6 {[%emt 0:00:04]} 24. Qh4 {[%emt 0:00:05]} g5 {[%emt 0:00:14]
} 25. Qg4 {[%emt 0:00:07]} Qd7 {[%emt 0:00:05]} 26. Qg3 {[%emt 0:00:03]} Nxd5 {
[%emt 0:00:07]} 27. Ne4 {[%emt 0:00:04]} Bxe4 {[%emt 0:00:02]} 28. Rxe4 {
[%emt 0:00:00]} Nf4 {[%emt 0:00:06]} 29. Kh2 {[%emt 0:00:05]} Qd6 {[%emt 0:00:
01]} 30. h4 {[%emt 0:00:10]} Ne6 {[%emt 0:00:02]} 31. Ne5 {[%emt 0:00:10]} f6 {
[%emt 0:00:14]} 32. Nc4 {[%emt 0:00:11]} Qxg3+ {[%emt 0:00:02]} 33. Kxg3 {
[%emt 0:00:01]} gxh4+ {[%emt 0:00:03]} 34. Kh2 {[%emt 0:00:03]} Kf7 {[%emt 0:
00:11]} 1/2-1/2

[Event "FIDE Women World Blitz 2021"]
[Site "Warsaw"]
[Date "2021.12.29"]
[Round "5.6"]
[White "Bartel, Marta"]
[Black "Gil Quilez, Sonia"]
[Result "1-0"]
[WhiteElo "2192"]
[BlackElo "2122"]
[Annotator "RC"]
[PlyCount "57"]
[EventDate "2021.12.29"]
[EventType "swiss"]
[EventCountry "POL"]
[Tiebreak "Cut1 Buchholz"]
[SourceTitle "playchess.com"]
[Source "ChessBase"]
[SourceQuality "1"]
[TimeControl "180+2"]

1. d4 {[%emt 0:00:01]} d5 {[%emt 0:00:00]} 2. Nf3 {[%emt 0:00:02]} Nf6 {
[%emt 0:00:01]} 3. Bg5 {[%emt 0:00:01]} c6 {[%emt 0:00:08]} 4. e3 {[%emt 0:00:
03]} Nbd7 {[%emt 0:00:06]} 5. Be2 {[%emt 0:00:06]} Qb6 {[%emt 0:00:04]} 6. Qc1
{[%emt 0:00:04]} Ne4 {[%emt 0:00:02]} 7. Bh4 {[%emt 0:00:03]} e6 {[%emt 0:00:
07]} 8. O-O {[%emt 0:00:02]} Bd6 {[%emt 0:00:06]} 9. c4 {[%emt 0:00:04]} dxc4 {
[%emt 0:00:19]} 10. Bxc4 {[%emt 0:00:11]} Qc7 {[%emt 0:00:11]} 11. Nc3 {
[%emt 0:00:04]} Nef6 {[%emt 0:00:28]} 12. e4 {[%emt 0:00:16]} Bf4 {[%emt 0:00:
01]} 13. Qc2 {[%emt 0:00:05]} O-O {[%emt 0:00:35]} 14. e5 {[%emt 0:00:12]} Ne8
{[%emt 0:00:29]} 15. Be7 {[%emt 0:00:09]} Nb6 {[%emt 0:00:07]} 16. Bxf8 {
[%emt 0:00:09]} Nxc4 {[%emt 0:00:13]} 17. Ne2 {[%emt 0:00:41]} Bh6 {[%emt 0:00:
11]} 18. Bb4 {[%emt 0:00:30]} a5 {[%emt 0:00:04]} 19. Qxc4 {[%emt 0:00:06]}
axb4 {[%emt 0:00:01]} 20. Qxb4 {[%emt 0:00:02]} g6 {[%emt 0:00:04]} 21. Ng3 {
[%emt 0:00:03]} Bf8 {[%emt 0:00:03]} 22. Qc3 {[%emt 0:00:01]} Ng7 {[%emt 0:00:
02]} 23. Ne4 {[%emt 0:00:02]} Nf5 {[%emt 0:00:05]} 24. Nf6+ {[%emt 0:00:09]}
Kh8 {[%emt 0:00:02]} 25. Ng5 {[%emt 0:00:12]} h6 {[%emt 0:00:01]} 26. Nge4 {
[%emt 0:00:03]} Ra4 {[%emt 0:00:07]} 27. Rad1 {[%emt 0:00:03]} Rxa2 {[%emt 0:
00:08]} 28. Qh3 {[%emt 0:00:07]} Kg7 {[%emt 0:00:10]} 29. Ne8+ {[%emt 0:00:02]}
1-0

[Event "FIDE Women World Blitz 2021"]
[Site "Warsaw"]
[Date "2021.12.29"]
[Round "5.7"]
[White "Yakimova, Mariya"]
[Black "Da Silva, Cibele Florencio"]
[Result "1-0"]
[WhiteElo "2219"]
[BlackElo "1405"]
[Annotator "TA"]
[PlyCount "35"]
[EventDate "2021.12.29"]
[EventType "swiss"]
[EventCountry "POL"]
[Tiebreak "Cut1 Buchholz"]
[SourceTitle "playchess.com"]
[Source "ChessBase"]
[SourceQuality "1"]

{[%evp 9,35,22,36,22,60,34,68,33,63,91,398,404,410,389,693,716,1322,1297,1493,
1470,1513,1476,1952,1991,2188,2173,29989,29990]} 1. d4 d5 2. c4 Nf6 3. Nf3 Nc6
4. cxd5 Nxd5 5. g3 Bf5 6. a3 {To avoid Ndb4. D07: Queen's Gambit: Chigorin
Defence.} e6 7. Bg2 {[#]} (7. Nbd2 $5 {[%cal Re2e4]}) 7... Be4 $146 ({
Predecessor:} 7... Be7 8. O-O Bf6 9. Re1 Bxb1 10. Rxb1 Nde7 11. e3 O-O 12. Qc2
a5 13. b3 Qd6 {1-0 (38) Green,P (1984)-Nielsen,P (1771) Helsingor 2014}) 8. O-O
{White is slightly better.} h5 9. Nbd2 {[%cal Bb1d2,Bd2e4,Be4g5][%mdl 32]} Bf5
{[%mdl 8192] [#]} (9... Bh7 $16 {is a better chance.}) 10. e4 $18 Bxe4 11. Nxe4
f5 $2 (11... Be7 12. Nc3 Nb6) 12. Neg5 Qf6 13. Re1 Nd8 {[#]} 14. Nxe6 $1 {
[%mdl 512]} Nxe6 (14... Be7 15. Nfg5) 15. Ng5 Kd7 16. Nxe6 c6 17. Bxd5 cxd5 18.
Qa4+ {White took control after the opening.  Weighted Error Value: White=0.15 
(very precise) /Black=1.76} 1-0

[Event "FIDE Women World Blitz 2021"]
[Site "Warsaw"]
[Date "2021.12.29"]
[Round "5.7"]
[White "Osmak, Yuliia"]
[Black "Kosteniuk, Alexandra"]
[Result "0-1"]
[WhiteElo "2198"]
[BlackElo "2518"]
[Annotator "ChessBase"]
[PlyCount "118"]
[EventDate "2021.12.29"]
[EventType "swiss"]
[EventCountry "POL"]
[Tiebreak "Cut1 Buchholz"]
[SourceTitle "playchess.com"]
[Source "ChessBase"]
[SourceQuality "1"]
[TimeControl "180+2"]

1. c4 {[%emt 0:00:01]} e5 {[%emt 0:00:01]} 2. Nc3 {[%emt 0:00:01]} Nf6 {
[%emt 0:00:01]} 3. Nf3 {[%emt 0:00:03]} Nc6 {[%emt 0:00:01]} 4. e4 {[%emt 0:00:
01]} Bb4 {[%emt 0:00:02]} 5. d3 {[%emt 0:00:03]} d6 {[%emt 0:00:09]} 6. a3 {
[%emt 0:00:02]} Bc5 {[%emt 0:00:07]} 7. b4 {[%emt 0:00:00]} Bb6 {[%emt 0:00:08]
} 8. Be3 {[%emt 0:00:03]} Bd4 {[%emt 0:00:09]} 9. Rc1 {[%emt 0:00:26]} Ng4 {
[%emt 0:00:29]} 10. Bxd4 {[%emt 0:00:15]} Nxd4 {[%emt 0:00:02]} 11. Be2 {
[%emt 0:00:35]} Nxf3+ {[%emt 0:00:16]} 12. Bxf3 {[%emt 0:00:02]} Qh4 {[%emt 0:
00:01]} 13. g3 {[%emt 0:00:25]} Qh3 {[%emt 0:00:08]} 14. Nd5 {[%emt 0:00:21]}
Kd8 {[%emt 0:00:00]} 15. Qe2 {[%emt 0:00:52]} c6 {[%emt 0:00:11]} 16. Ne3 {
[%emt 0:00:05]} Nxe3 17. Qxe3 {[%emt 0:00:01]} Qe6 {[%emt 0:00:36]} 18. Qg5+ {
[%emt 0:00:04]} Qf6 {[%emt 0:00:02]} 19. Qxf6+ {[%emt 0:00:02]} gxf6 {[%emt 0:
00:01]} 20. Ke2 {[%emt 0:00:03]} f5 {[%emt 0:00:01]} 21. Ke3 {[%emt 0:00:02]}
Ke7 {[%emt 0:00:02]} 22. c5 {[%emt 0:00:02]} Rd8 {[%emt 0:00:09]} 23. Rhd1 {
[%emt 0:00:06]} a5 {[%emt 0:00:03]} 24. cxd6+ {[%emt 0:00:04]} Rxd6 {[%emt 0:
00:02]} 25. b5 {[%emt 0:00:01]} cxb5 {[%emt 0:00:11]} 26. Rc5 {[%emt 0:00:01]}
f6 {[%emt 0:00:04]} 27. Rxb5 {[%emt 0:00:01]} b6 {[%emt 0:00:02]} 28. Rb3 {
[%emt 0:00:05]} Rb8 {[%emt 0:00:18]} 29. Rdb1 {[%emt 0:00:02]} fxe4 {[%emt 0:
00:13]} 30. dxe4 {[%emt 0:00:01]} Ba6 {[%emt 0:00:06]} 31. Be2 {[%emt 0:00:01]}
Bc8 {[%emt 0:00:06]} 32. Bc4 {[%emt 0:00:02]} Bd7 {[%emt 0:00:02]} 33. Bd5 {
[%emt 0:00:03]} b5 {[%emt 0:00:01]} 34. f4 {[%emt 0:00:02]} Rdb6 {[%emt 0:00:
02]} 35. fxe5 {[%emt 0:00:03]} fxe5 {[%emt 0:00:01]} 36. Rf1 {[%emt 0:00:01]}
Rf6 {[%emt 0:00:00]} 37. Rbb1 {[%emt 0:00:04]} Rxf1 {[%emt 0:00:14]} 38. Rxf1 {
[%emt 0:00:00]} Be6 {[%emt 0:00:00]} 39. Rb1 {[%emt 0:00:09]} b4 {[%emt 0:00:
02]} 40. axb4 {[%emt 0:00:02]} axb4 {[%emt 0:00:01]} 41. Rb3 {[%emt 0:00:02]}
Bd7 {[%emt 0:00:01]} 42. h4 {[%emt 0:00:03]} Ba4 {[%emt 0:00:02]} 43. Rb2 {
[%emt 0:00:01]} b3 {[%emt 0:00:02]} 44. g4 {[%emt 0:00:02]} Kd6 {[%emt 0:00:02]
} 45. g5 {[%emt 0:00:01]} Kc5 {[%emt 0:00:04]} 46. h5 {[%emt 0:00:02]} Kb4 {
[%emt 0:00:01]} 47. g6 {[%emt 0:00:02]} hxg6 {[%emt 0:00:01]} 48. hxg6 {
[%emt 0:00:01]} Kc3 {[%emt 0:00:04]} 49. Rb1 {[%emt 0:00:03]} b2 {[%emt 0:00:
10]} 50. g7 {[%emt 0:00:01]} Bb3 {[%emt 0:00:06]} 51. Bxb3 Kxb3 {[%emt 0:00:02]
} 52. Kf3 {[%emt 0:00:08]} Rg8 {[%emt 0:00:02]} 53. Kg4 {[%emt 0:00:01]} Rxg7+
{[%emt 0:00:01]} 54. Kf5 {[%emt 0:00:01]} Re7 55. Kf6 Re8 {[%emt 0:00:01]} 56.
Kf7 {[%emt 0:00:01]} Rb8 {[%emt 0:00:01]} 57. Ke6 {[%emt 0:00:01]} Rb5 {
[%emt 0:00:00]} 58. Kd6 {[%emt 0:00:02]} Kc2 {[%emt 0:00:01]} 59. Rf1 {[%emt 0:
00:01]} b1=Q {[%emt 0:00:02]} 0-1

[Event "FIDE Women World Blitz 2021"]
[Site "Warsaw"]
[Date "2021.12.29"]
[Round "5.8"]
[White "Serikbay, Assel"]
[Black "Paehtz, Elisabeth"]
[Result "0-1"]
[WhiteElo "2237"]
[BlackElo "2485"]
[Annotator "ChessBase"]
[PlyCount "96"]
[EventDate "2021.12.29"]
[EventType "swiss"]
[EventCountry "POL"]
[Tiebreak "Cut1 Buchholz"]
[SourceTitle "playchess.com"]
[Source "ChessBase"]
[SourceQuality "1"]
[TimeControl "180+2"]

1. d4 {[%emt 0:00:02]} d6 {[%emt 0:00:00]} 2. Nf3 {[%emt 0:00:04]} g6 {[%emt 0:
00:02]} 3. c4 {[%emt 0:00:02]} Bg7 {[%emt 0:00:01]} 4. g3 {[%emt 0:00:02]} Nf6
{[%emt 0:00:02]} 5. Bg2 {[%emt 0:00:01]} O-O {[%emt 0:00:01]} 6. O-O {[%emt 0:
00:02]} Nc6 {[%emt 0:00:01]} 7. Nc3 {[%emt 0:00:01]} a6 {[%emt 0:00:01]} 8. d5
{[%emt 0:00:05]} Na5 {[%emt 0:00:02]} 9. Nd2 {[%emt 0:00:14]} c5 {[%emt 0:00:
01]} 10. Rb1 {[%emt 0:00:08]} e5 {[%emt 0:00:10]} 11. dxe6 {[%emt 0:00:43]}
Bxe6 {[%emt 0:00:02]} 12. Nd5 {[%emt 0:00:01]} Nxd5 {[%emt 0:00:23]} 13. cxd5 {
[%emt 0:00:02]} Bf5 {[%emt 0:00:05]} 14. e4 {[%emt 0:00:02]} Bd7 {[%emt 0:00:
01]} 15. b3 {[%emt 0:00:10]} b5 {[%emt 0:00:07]} 16. Bb2 {[%emt 0:00:07]} Bxb2
{[%emt 0:00:02]} 17. Rxb2 {[%emt 0:00:01]} Qf6 {[%emt 0:00:01]} 18. Rc2 {
[%emt 0:00:05]} Rfe8 {[%emt 0:00:16]} 19. Re1 {[%emt 0:00:03]} Nb7 {[%emt 0:00:
07]} 20. f4 {[%emt 0:00:02]} Qd4+ {[%emt 0:00:01]} 21. Kh1 {[%emt 0:00:03]} a5
{[%emt 0:00:03]} 22. Qe2 {[%emt 0:00:18]} a4 {[%emt 0:00:07]} 23. e5 {[%emt 0:
00:18]} Bf5 {[%emt 0:00:07]} 24. Rcc1 axb3 {[%emt 0:00:05]} 25. Nxb3 {[%emt 0:
00:04]} Qd3 {[%emt 0:00:05]} 26. Qxd3 Bxd3 {[%emt 0:00:02]} 27. exd6 {[%emt 0:
00:13]} Rxe1+ {[%emt 0:00:18]} 28. Rxe1 {[%emt 0:00:00]} c4 {[%emt 0:00:08]}
29. Nc1 {[%emt 0:00:28]} Bf5 {[%emt 0:00:01]} 30. h3 {[%emt 0:00:09]} Nxd6 {
[%emt 0:00:04]} 31. g4 {[%emt 0:00:01]} Bb1 {[%emt 0:00:05]} 32. Re7 {[%emt 0:
00:08]} Re8 {[%emt 0:00:10]} 33. Rxe8+ {[%emt 0:00:09]} Nxe8 {[%emt 0:00:02]}
34. Kg1 {[%emt 0:00:01]} Kf8 {[%emt 0:00:04]} 35. Kf2 {[%emt 0:00:01]} Ke7 {
[%emt 0:00:09]} 36. Ke3 {[%emt 0:00:00]} Kd6 {[%emt 0:00:01]} 37. Kd4 {[%emt 0:
00:01]} Bc2 {[%emt 0:00:09]} 38. Ne2 {[%emt 0:00:04]} Nc7 {[%emt 0:00:06]} 39.
Nc3 {[%emt 0:00:08]} b4 {[%emt 0:00:02]} 40. Ne2 {[%emt 0:00:03]} Bd3 {[%emt 0:
00:05]} 41. Nc1 {[%emt 0:00:01]} Nb5+ {[%emt 0:00:06]} 42. Ke3 {[%emt 0:00:01]}
Bb1 {[%emt 0:00:07]} 43. Bf1 {[%emt 0:00:01]} Kxd5 {[%emt 0:00:02]} 44. Bg2+ {
[%emt 0:00:04]} Kc5 {[%emt 0:00:01]} 45. h4 {[%emt 0:00:09]} Nc3 {[%emt 0:00:
02]} 46. h5 {[%emt 0:00:06]} gxh5 {[%emt 0:00:02]} 47. gxh5 {[%emt 0:00:01]} h6
{[%emt 0:00:02]} 48. Bf3 {[%emt 0:00:04]} Bxa2 {[%emt 0:00:05]} 0-1

[Event "FIDE Women World Blitz 2021"]
[Site "Warsaw"]
[Date "2021.12.29"]
[Round "5.8"]
[White "Wikar, Martyna"]
[Black "Nur-Mukhametova, Alisa"]
[Result "1-0"]
[WhiteElo "1899"]
[BlackElo "2225"]
[Annotator "TA"]
[PlyCount "45"]
[EventDate "2021.12.29"]
[EventType "swiss"]
[EventCountry "POL"]
[Tiebreak "Cut1 Buchholz"]
[SourceTitle "playchess.com"]
[Source "ChessBase"]
[SourceQuality "1"]

{[%evp 17,45,20,27,27,35,45,35,26,44,0,0,0,0,0,0,-42,-41,-54,1495,1460,2005,
1511,1850,1430,1855,1433,1518,1541,1470,1356]} 1. e4 c5 2. Nf3 e6 3. d3 d5 4.
Nbd2 Nf6 5. g3 Nc6 6. Bg2 g6 7. O-O Bg7 8. Re1 O-O 9. c3 {[%cal Bc2c3,Bc3d4]
[%mdl 32]} Qc7 10. e5 {A08: King's Indian Attack.} Ng4 {[%cal Rg4e5]} 11. d4
cxd4 12. cxd4 {[#] White is slightly better.} f6 $146 ({Predecessor:} 12... Nb4
13. Re2 b6 14. h3 Nh6 15. Nf1 Ba6 16. Re3 Qc2 17. Bd2 Qxd1 18. Rxd1 Nc6 {
½-½ (40) Jedrocha,K (1912)-Antolak,J (1974) Ustron 2015}) 13. h3 (13. exf6
$14 {is superior.} Nxf6 14. Rb1) 13... Nxf2 $11 14. Kxf2 {[#] Black must now
prevent exf6.} fxe5 15. dxe5 ({But not} 15. Kg1 e4 16. Nxe4 dxe4 17. Rxe4 Qxg3
$17) 15... Qb6+ 16. Kf1 (16. Re3 $11) 16... Nxe5 $1 $15 {aiming for ...Bd7.}
17. Qb3 $1 Qg1+ $2 {[%mdl 8192] [#] This move loses the game for Black.} 18.
Kxg1 $18 {White is clearly winning.} Nd3 19. Rf1 Bd7 20. Kh2 Rac8 21. Qd1 Nc5
22. Nb3 Ne4 23. Be3 {Weighted Error Value: White=0.24 (precise) /Black=0.09 
(flawless)} 1-0

[Event "FIDE Women World Blitz 2021"]
[Site "Warsaw"]
[Date "2021.12.29"]
[Round "5.9"]
[White "Abdumalik, Zhansaya"]
[Black "Mamedjarova, Zeinab"]
[Result "1-0"]
[WhiteElo "2507"]
[BlackElo "2249"]
[Annotator "ChessBase"]
[PlyCount "45"]
[EventDate "2021.12.29"]
[EventType "swiss"]
[EventCountry "POL"]
[Tiebreak "Cut1 Buchholz"]
[SourceTitle "playchess.com"]
[Source "ChessBase"]
[SourceQuality "1"]
[TimeControl "180+2"]

1. e4 {[%emt 0:00:02]} e5 {[%emt 0:00:00]} 2. Nf3 {[%emt 0:00:01]} d6 {[%emt 0:
00:01]} 3. d4 {[%emt 0:00:06]} exd4 {[%emt 0:00:02]} 4. Nxd4 {[%emt 0:00:01]}
Nf6 {[%emt 0:00:01]} 5. Nc3 {[%emt 0:00:01]} Be7 {[%emt 0:00:00]} 6. Bc4 {
[%emt 0:00:02]} O-O {[%emt 0:00:02]} 7. O-O {[%emt 0:00:01]} c6 {[%emt 0:00:00]
} 8. a4 {[%emt 0:00:00]} a5 {[%emt 0:00:00]} 9. Re1 {[%emt 0:00:01]} Re8 {
[%emt 0:00:10]} 10. b3 {[%emt 0:00:12]} Bf8 {[%emt 0:00:04]} 11. Bb2 {[%emt 0:
00:02]} Nbd7 {[%emt 0:00:12]} 12. h3 {[%emt 0:00:06]} Nc5 {[%emt 0:00:21]} 13.
Qf3 {[%emt 0:00:10]} g6 {[%emt 0:01:05]} 14. Rad1 {[%emt 0:00:11]} Bg7 {
[%emt 0:00:02]} 15. e5 {[%emt 0:00:38]} dxe5 {[%emt 0:00:31]} 16. Nxc6 {
[%emt 0:00:29]} Qc7 {[%emt 0:00:07]} 17. Nxe5 {[%emt 0:00:02]} Be6 {[%emt 0:00:
06]} 18. Nb5 {[%emt 0:00:06]} Qe7 {[%emt 0:00:13]} 19. Bxe6 {[%emt 0:00:11]}
Qxe6 {[%emt 0:00:10]} 20. Nc7 {[%emt 0:00:02]} Qb6 {[%emt 0:00:23]} 21. Nxa8 {
[%emt 0:00:03]} Rxa8 {[%emt 0:00:01]} 22. Nc4 {[%emt 0:00:03]} Qa6 {[%emt 0:00:
05]} 23. Rd6 {[%emt 0:00:02]} 1-0